Proceedings of the 1999 Fall Technical Conference of the ASME Internal Combustion Engine Division : presented at 1999 Fall Technical Conference of the ASME Internal Combustion Engine Division, Ann Arbor, Michigan, October 16-20, 1999 /

Bibliographic Details
Corporate Authors: American Society of Mechanical Engineers. Internal Combustion Engine Division. Technical Conference, American Society of Mechanical Engineers. Internal Combustion Engine Division
Other Authors: Bell, S. R. (Stuart Ray), 1951-
Format: Book
Language:English
Published: New York, N.Y. : American Society of Mechanical Engineers, [1999]
Series:ICE (Series) ; vol. 33.
Subjects:

MARC

Tag First Indicator Second Indicator Subfields
LEADER 00000cam a2200000 a 4500
001 in00001521813
005 20151021161541.0
008 000120s1999 nyua b 101 0 eng c
020 |a 0791816338 (set) 
035 |a (OCoLC)42858505 
040 |a ISH  |c ISH  |d GZM  |d UMC  |d IQU  |d TXA  |d UtOrBLW 
042 |a pcc 
049 |a TXAM 
050 4 |a TJ751  |b .A67 1999 
092 |a 621.43  |b A512 1999 
110 2 |a American Society of Mechanical Engineers.  |b Internal Combustion Engine Division.  |b Technical Conference  |d (1999 :  |c Ann Arbor, Mich.) 
245 1 0 |a Proceedings of the 1999 Fall Technical Conference of the ASME Internal Combustion Engine Division :  |b presented at 1999 Fall Technical Conference of the ASME Internal Combustion Engine Division, Ann Arbor, Michigan, October 16-20, 1999 /  |c sponsored by the Internal Combustion Engine Division, ASME ; edited by Stuart R. Bell. 
246 1 8 |a 1999 ICE Fall Technical Conference 
246 3 0 |a 1999 Fall Technical Conference of the ASME Internal Combustion Engine Division 
246 3 2 |a Emissions, fuels and lubricants and HSDI engines 
246 3 2 |a New developments in engine design, controls and DI sprays 
246 3 2 |a In-cylinder flows and combustion processes 
246 3 |a Engine design, controls and DI sprays 
264 1 |a New York, N.Y. :  |b American Society of Mechanical Engineers,  |c [1999] 
264 4 |c ©1999 
300 |a 3 volumes :  |b illustrations ;  |c 28 cm. 
336 |a text  |b txt  |2 rdacontent 
337 |a unmediated  |b n  |2 rdamedia 
338 |a volume  |b nc  |2 rdacarrier 
490 1 |a ICE ;  |v vol. 33 
504 |a Includes biographical references and indexes. 
505 0 |a v.1 Emissions, fuels and lubricants and HSDI engines -- v.2 New developments in engine design, controls and DI sprays -- v.3 In-cylinder flows and combustion processes. 
650 0 |a Internal combustion engines  |v Congresses. 
650 0 |a Internal combustion engines  |x Design and construction  |v Congresses. 
650 0 |a Internal combustion engines  |x Combustion  |v Congresses. 
650 0 |a Internal combustion engines  |x Lubrication  |v Congresses. 
650 0 |a Spark ignition engines  |x Alternative fuels  |v Congresses. 
700 1 |a Bell, S. R.  |q (Stuart Ray),  |d 1951- 
710 2 |a American Society of Mechanical Engineers.  |b Internal Combustion Engine Division. 
830 0 |a ICE (Series) ;  |v vol. 33. 
994 |a E0  |b TXA 
948 |a cataloged  |b h  |c 2000/1/20  |d c  |e blrosas  |f 12:26:23 pm 
999 |a MARS 
999 f f |s 7d1a7931-6db7-3f6d-a4fb-b1140f1dc631  |i d2713f57-2cd9-300d-b979-192edd717ef3  |t 0 
952 f f |p ric  |a Texas A&M University  |b Rellis Campus  |c Joint Library Facility  |d Remote Storage  |t 0  |e TJ751 .A67 1999  |h Library of Congress classification  |i unmediated -- volume  |k v.1  |m A14825578805 
952 f f |p ric  |a Texas A&M University  |b Rellis Campus  |c Joint Library Facility  |d Remote Storage  |t 0  |e TJ751 .A67 1999  |h Library of Congress classification  |i unmediated -- volume  |k v.2  |m A14825578813 
952 f f |p ric  |a Texas A&M University  |b Rellis Campus  |c Joint Library Facility  |d Remote Storage  |t 0  |e TJ751 .A67 1999  |h Library of Congress classification  |i unmediated -- volume  |k v.3  |m A14825578855 
998 f f |a TJ751 .A67 1999  |s v.1-v.3  |t 0  |l Remote Storage